书目信息 |
| 题名: |
步行可及
|
|
| 作者: | 兰登 著 ;黄怡 译 | |
| 分册: | ||
| 出版信息: | 上海 文汇出版社 2022.02 |
|
| 页数: | 302页 | |
| 开本: | 24cm | |
| 丛书名: | 城市人文丛书 | |
| 单 册: | ||
| 中图分类: | TU984.12 | |
| 科图分类: | ||
| 主题词: | 社区--she qu--城市规划--研究 | |
| 电子资源: | ||
| ISBN: | 978-7-5496-3362-3 | |
| 000 | 01346oam2 2200301 450 | |
| 001 | 011025153417 | |
| 005 | 20221025153417.0 | |
| 010 | @a978-7-5496-3362-3@dCNY58.00 | |
| 099 | @aCAL 012022025301 | |
| 100 | @a20201004d2022 em y0chiy0120 ea | |
| 101 | 1 | @achi@ceng |
| 102 | @aCN@b310000 | |
| 105 | @aab a 000yy | |
| 106 | @ar | |
| 200 | 1 | @a步行可及@Abu hang ke ji@e创造大众的宜居社区@f(美) 菲利普·兰登著@d= Within walking distance@ecreating livable communities for all@fPhilip Langdon@g黄怡译@zeng |
| 210 | @a上海@c文汇出版社@d2022.02 | |
| 215 | @a302页@c图, 地图@d24cm | |
| 225 | 2 | @a城市人文丛书@Acheng shi ren wen cong shu |
| 320 | @a有书目 | |
| 330 | @a本书共设六章,内容包括:大城市,亲密的环境:费城中心城区;创造聚会场所:康涅狄格州,纽黑文,东岩邻里;保持城镇中心的活力:佛蒙特州,布拉特尔伯勒;适合步行的移民邻里:芝加哥的“小村庄”;顾及步行者的再开发:俄勒冈州,波特兰,珍珠区;耐心的场所营造:密西西比州,斯塔克维尔,棉花区。 | |
| 410 | 0 | @12001 @a城市人文丛书 |
| 510 | 1 | @aWithin walking distance@ecreating livable communities for all@zeng |
| 517 | 1 | @a创造大众的宜居社区@Achuang zao da zhong de yi ju she qu |
| 606 | 0 | @a社区@Ashe qu@x城市规划@x研究 |
| 690 | @aTU984.12@v5 | |
| 701 | 1 | @a兰登@Alan deng@g(Langdon, Philip)@4著 |
| 702 | 0 | @a黄怡@Ahuang yi@4译 |
| 905 | @a河南城建学院图书馆@dTU984.12@eF320 | |
| 步行可及:创造大众的宜居社区/(美) 菲利普·兰登著= Within walking distance:creating livable communities for all/Philip Langdon/黄怡译.-上海:文汇出版社,2022.02 |
| 302页:图, 地图;24cm.-(城市人文丛书) |
| ISBN 978-7-5496-3362-3:CNY58.00 |
| 本书共设六章,内容包括:大城市,亲密的环境:费城中心城区;创造聚会场所:康涅狄格州,纽黑文,东岩邻里;保持城镇中心的活力:佛蒙特州,布拉特尔伯勒;适合步行的移民邻里:芝加哥的“小村庄”;顾及步行者的再开发:俄勒冈州,波特兰,珍珠区;耐心的场所营造:密西西比州,斯塔克维尔,棉花区。 |
| ● |
| 相关链接 |
|
|
|
正题名:步行可及
索取号:TU984.12/F320
 
预约/预借
| 序号 | 登录号 | 条形码 | 馆藏地/架位号 | 状态 | 备注 |
| 1 | 1587987 | 215879878 | 建筑库201/201建筑库 63排3列1层/ [索取号:TU984.12/F320] | 在馆 | |
| 2 | 1587988 | 215879887 | 建筑库201/201建筑库 63排3列1层/ [索取号:TU984.12/F320] | 在馆 |